| 000 -LEADER |
| fixed length control field |
00702nam a22001937a 4500 |
| 005 - DATE AND TIME OF LATEST TRANSACTION |
| control field |
20260305110530.0 |
| 008 - FIXED-LENGTH DATA ELEMENTS--GENERAL INFORMATION |
| fixed length control field |
260305b ||||| |||| 00| 0 eng d |
| 020 ## - INTERNATIONAL STANDARD BOOK NUMBER |
| International Standard Book Number |
9780141324319 |
| 040 ## - CATALOGING SOURCE |
| Transcribing agency |
KH8 |
| 082 ## - DEWEY DECIMAL CLASSIFICATION NUMBER |
| Classification number |
823.92 |
| 100 ## - MAIN ENTRY--PERSONAL NAME |
| Personal name |
BRADFORD,CHRIS |
| Relator term |
AUTHOR |
| 245 ## - TITLE STATEMENT |
| Title |
Young Samurai/The Way of the Sword |
| 260 ## - PUBLICATION, DISTRIBUTION, ETC. |
| Place of publication, distribution, etc. |
80 Strand,London WC2R 0RL,England |
| Name of publisher, distributor, etc. |
Penguin Group |
| Date of publication, distribution, etc. |
2009 |
| 300 ## - PHYSICAL DESCRIPTION |
| Extent |
379 pages |
| Other physical details |
b illustration |
| Dimensions |
13cm x 19cm |
| 520 ## - SUMMARY, ETC. |
| Summary, etc. |
In 1611 Japan, English orphan Jack Fletcher continues his difficult training at Niten Ichi Ryu Samurai School, while also trying to get back the rutter, -Library Thing- |
| 650 ## - SUBJECT ADDED ENTRY--TOPICAL TERM |
| Topical term or geographic name entry element |
Juvenile Fiction |
| Form subdivision |
Samurai |
| 655 ## - INDEX TERM--GENRE/FORM |
| Genre/form data or focus term |
Adventure |
| 942 ## - ADDED ENTRY ELEMENTS (KOHA) |
| Source of classification or shelving scheme |
|
| Koha item type |
Books - Fiction |